The caged birds of Phnom Penh

Ary, a young Cambodian girl, saves her money to buy a caged bird from the bird lady on which Ary makes a wish for her poor family's future and then sets free so it will carry her wishes into the open sky

Bewaard in:
Bibliografische gegevens
Hoofdauteur: Lipp, Frederick
Andere auteurs: Himler, Ronald (Illustrated)
Formaat: Boek
Taal:Vietnamese
Gepubliceerd in: New York Holiday House 2001
Onderwerpen:
Tags: Voeg label toe
Geen labels, Wees de eerste die dit record labelt!
Thư viện lưu trữ: Thư viện Trường Đại học Nam Cần Thơ
LEADER 00938nam a22002057a 4500
001 NCT_4_008450
008 240529b xxu||||| |||| 00| 0 vie d
999 |c 8356  |d 8356 
020 |a 9780823415342 
082 0 4 |2 23rd ed.  |a 741.5  |b L765 
100 1 |a Lipp, Frederick  
245 1 0 |a The caged birds of Phnom Penh  |c Frederick Lipp ; Ronald Himler (Illustrated) 
260 |a New York  |b Holiday House  |c 2001 
300 |a 32 p.  |b ill.  |c 26cm 
520 3 |a Ary, a young Cambodian girl, saves her money to buy a caged bird from the bird lady on which Ary makes a wish for her poor family's future and then sets free so it will carry her wishes into the open sky 
653 |a Tham khảo 
700 1 |a Himler, Ronald  |e Illustrated 
942 |2 ddc  |c BK 
952 |0 0  |1 0  |2 ddc  |4 0  |6 741_500000000000000_L765  |7 0  |9 28914  |a 000001  |b 000001  |d 2024-05-29  |o 741.5 L765  |p TK.00969  |r 2024-05-29  |w 2024-05-29  |y BK 
980 |a Thư viện Trường Đại học Nam Cần Thơ